|
|
|
|
| LEADER |
00000cam a2200000 7i4500 |
| 001 |
0000000263 |
| 005 |
20151222.0 |
| 008 |
070627 |
| 020 |
|
|
|a 9831283309
|
| 090 |
0 |
0 |
|a JF
|b MOR JAW (283)
|
| 245 |
0 |
0 |
|a Monyet yang tamak
|
| 260 |
|
|
|a Kuala Lumpur :
|b Fargoes ,
|c 2005
|
| 440 |
|
|
|a Siri cerita moral
|
| 500 |
|
|
|a Children ages 7-9 years old (orange)
|
| 650 |
|
0 |
|a Jawi
|
| 999 |
|
|
|a 0000899677
|b Book
|c Children Collection
|e Cawangan Tmn. Ungku Tun Aminah
|
| 999 |
|
|
|a 0000899681
|b Book
|c Children Collection
|e Cawangan Tangkak
|
| 999 |
|
|
|a 0000899682
|b Book
|c Children Collection
|e Cawangan Tangkak
|
| 999 |
|
|
|a 0000899685
|b Book
|c Children Collection
|e Cawangan Mersing
|
| 999 |
|
|
|a 0000919795
|b Book
|c Children Collection
|e Cawangan Bukit Gambir
|
| 999 |
|
|
|a 0000919796
|b Book
|c Children Collection
|e Cawangan Bukit Gambir
|
| 999 |
|
|
|a 0000954694
|b Book
|c Children Collection
|e Cawangan Muar
|
| 999 |
|
|
|a 0000954695
|b Book
|c Children Collection
|e Perbadanan Perpustakaan Awam Johor
|
| 999 |
|
|
|a 0000954696
|b Book
|c Children Collection
|e Cawangan Urban Transformation Centre
|
| 999 |
|
|
|a 0000954697
|b Book
|c Children Collection
|e Cawangan Urban Transformation Centre
|
| 999 |
|
|
|a 0000954698
|b Book
|c Children Collection
|e Perbadanan Perpustakaan Awam Johor
|
| 999 |
|
|
|a 0000988456
|b Book
|c Children Collection
|e Cawangan Mersing
|
| 999 |
|
|
|a 0001151647
|b Book
|c Children Collection
|e Cawangan Taman Universiti
|
| 999 |
|
|
|a 0001215074
|b Book
|c Children Collection
|e Cawangan Bandar Tenggara
|
| 999 |
|
|
|a 0001215079
|b Book
|c Children Collection
|e Cawangan Taman Universiti
|
| 999 |
|
|
|a 0001215080
|b Book
|c Children Collection
|e Cawangan Tmn. Ungku Tun Aminah
|
| 999 |
|
|
|a 0001215081
|b Book
|c Children Collection
|e Cawangan Segamat
|
| 999 |
|
|
|a 0001215082
|b Book
|c Children Collection
|e Cawangan Pontian
|
| 999 |
|
|
|a 0001215083
|b Book
|c Children Collection
|e Cawangan Bukit Gambir
|
| 999 |
|
|
|a 0001215084
|b Book
|c Children Collection
|e Cawangan Tangkak
|
| 999 |
|
|
|a 0001215085
|b Book
|c Children Collection
|e Cawangan Taman Universiti
|
| 999 |
|
|
|a 0001215086
|b Book
|c Children Collection
|e Cawangan Mersing
|